Historia

Salvato in:
Dettagli Bibliografici
Autore principale: Heródoto (Autore)
Natura: Libro
Lingua:spagnolo
Pubblicazione: Madrid Editorial Gredos 1979
Edizione:1a. ed
Serie:Biblioteca Clásica Gredos, 21
Soggetti:
Tags: Aggiungi Tag
Nessun Tag, puoi essere il primo ad aggiungerne!!

MARC

LEADER 00000nam a2200000 a 4500
001 UCG6058
003 CL-VaPUC
008 110331e19790000SP |||||||||||||||||spa|d
020 |a 9788424935252t.1 
082 0 4 |a 938  |b HER  |2 21 
100 0 |a Heródoto  |e author  |9 337011 
245 1 0 |a Historia 
250 |a 1a. ed 
300 |a t 
942 |c BK 
945 |d 20110331 00:00:00  |a jcampos 
260 |a Madrid  |b Editorial Gredos  |c 1979 
500 |a t.1: Libros III-IV 
600 0 7 |a GRECIA  |2 CL-VaPUC  |9 556055 
650 7 |a HISTORIA GUERRAS MEDICAS 500-449  |2 CL-VaPUC  |9 318245 
583 |a last modification  |c 20110331 00:00:00  |k Rodrigo Vera 
490 0 |a Biblioteca Clásica Gredos, 21 
999 |c 344359  |d 344357 
952 |0 0  |1 0  |4 0  |6 938_000000000000000_HER_1979  |7 0  |8 X  |9 442285  |a BIBHIS  |b BIBHIS  |d 2019-11-22  |h t.1  |i 4762193  |o 938 HER 1979  |p 4762193  |r 2024-01-30  |w 2019-11-22  |y BK_X  |k HIS